=LDR 00000nam 2200000 4500 =001 INLIS000000000036030 =005 20130612141834 =008 ***********************************ind** =035 ##$$0010-061300000036030 =041 ##$$a ind =082 ##$$a 7963.48 =090 ##$$a 7963.48, Per e =100 ##$$a Carmichael, Nicole =245 ##$$a Emas Olimpiade =650 ##$$a AOlahraga =850 ##$$a NBPNMAT =990 ##$$a 0001/BPAP-NTB/2016